Greenwich Village, 1913 : suffrage, labor, and the new woman /

Bibliographic Details
Main Author: Treacy, Mary Jane (Author)
Format: Book
Language:English
Published: Chapel Hill : The University of North Carolina Press, [2023]
Edition:Second edition.
Subjects:

MARC

Tag First Indicator Second Indicator Subfields
LEADER 00000cam a2200000 i 4500
001 in00004690821
003 OCoLC
008 221128s2023 ncuab b 000 0 eng d
005 20250816185303.6
020 |a 1469674106  |q paperback 
020 |a 9781469674100  |q paperback 
024 8 |a 40031690974 
035 |a (OCoLC)1355070025 
040 |a UKMGB  |b eng  |e rda  |c UKMGB  |d OCLCF  |d OCLCQ  |d YDX 
043 |a n-us-ny 
050 4 |a JK1911.N7  |b T74 2023 
082 0 4 |a 324.623097471  |2 23 
100 1 |a Treacy, Mary Jane,  |e author.  |1 https://isni.org/isni/0000000023519914 
245 1 0 |a Greenwich Village, 1913 :  |b suffrage, labor, and the new woman /  |c Mary Jane Treacy. 
250 |a Second edition. 
264 1 |a Chapel Hill :  |b The University of North Carolina Press,  |c [2023] 
300 |a 203 pages :  |b illustrations, maps ;  |c 26 cm 
336 |a still image  |2 rdacontent 
336 |a text  |b txt  |2 rdacontent 
337 |a unmediated  |b n  |2 rdamedia 
338 |a volume  |b nc  |2 rdacarrier 
500 |a Previous edition: New York: W. W. Norton & Company, 2015. 
504 |a Includes bibliographical references. 
650 0 |a Women  |x Employment  |z New York (State)  |z New York. 
650 0 |a Women  |x Suffrage  |z New York (State)  |z New York. 
650 0 |a Women  |z New York (State)  |z New York  |x Economic conditions. 
650 0 |a Women  |z New York (State)  |z New York  |x Social conditions. 
650 7 |a Women  |x Economic conditions.  |2 fast  |0 (OCoLC)fst01176665 
650 7 |a Women  |x Employment.  |2 fast  |0 (OCoLC)fst01176715 
650 7 |a Women  |x Social conditions.  |2 fast  |0 (OCoLC)fst01176947 
650 7 |a Women  |x Suffrage.  |2 fast  |0 (OCoLC)fst01176996 
651 7 |a New York (State)  |z New York.  |2 fast  |0 (OCoLC)fst01204333 
945 |b 687489 
947 |a A14851391673 
999 f f |i 0798c327-d660-4ee9-9b9c-5eb9883f2048  |s 6bd873fa-3d4a-4027-8285-3b7d21de4089  |t 0 
952 f f |p normal  |a Texas A&M University  |b College Station  |c Sterling C. Evans Library  |d Evans: Library Stacks  |t 0  |e JK1911.N7 T74 2023  |h Library of Congress classification  |i unmediated -- volume  |m A14851391673 
998 f f |a JK1911.N7 T74 2023  |t 0  |l Evans: Library Stacks